=LDR 00000nam 2200000 4500 =001 INLIS000000000023076 =005 20130612121752 =008 ***********************************Ind** =035 ##$$0010-061300000023076 =041 ##$$a Ind =082 ##$$a 632.96 =090 ##$$a 632.96, Unt p =100 ##$$a Untung, Kasumbogo =245 ##$$a Pengantar pengelolaan hama terpadu, Kasumbogo Untung =260 ##$$a 1993 $b Yogyakarta =300 ##$$a xviii, 273 hlm, 21 cm =650 ##$$a Hama tanaman =850 ##$$a NBPNMAT =990 ##$$a 00050346